Passionate attachments : thinking about love /

Bibliographic Details
Other Authors: Gaylin, Willard, Person, Ethel Spector
Format: Book
Language:English
Published: New York : London : Free Press ; Collier Macmillan, [1988]
Subjects:

MARC

Tag First Indicator Second Indicator Subfields
LEADER 00000cam a2200000 a 4500
001 in00000018657
005 20151007054024.0
008 870721s1988 nyu b 00100 eng
010 |a  87020185  
020 |a 0029114306 
035 |a (OCoLC)16405275 
035 |9 AAB3728AM 
040 |a DLC  |c DLC  |d TXA  |d UtOrBLW 
049 |a TXAM  |c [A12554868] 
050 0 0 |a BF575.L8  |b P36 1988 
082 0 |a 306.7  |2 19 
245 0 0 |a Passionate attachments :  |b thinking about love /  |c edited by Willard Gaylin and Ethel Person. 
264 1 |a New York :  |b Free Press ;  |a London :  |b Collier Macmillan,  |c [1988] 
264 4 |c ©1988 
300 |a xvi, 136 pages ;  |c 25 cm. 
336 |a text  |b txt  |2 rdacontent 
337 |a unmediated  |b n  |2 rdamedia 
338 |a volume  |b nc  |2 rdacarrier 
505 0 |a The nature of passionate love / Milton Viederman -- Passionate attachments in the West in historical perspective / Lawrence Stone -- Four mischievous theories of sex / William F. May -- Love and the limits of individualism / Willard Gaylin -- Between conventionality and aggression / Otto F. Kernberg -- Two cheers for romance / Stanley Cavell -- The riddle of femininity and the psychology of love / Carol Gilligan and Eve Stern. 
504 |a Bibliography: pages 123-128. 
500 |a Includes index. 
650 0 |a Love  |x Psychological aspects. 
650 0 |a Interpersonal relations. 
650 0 |a Psychoanalysis. 
700 1 |a Gaylin, Willard. 
700 1 |a Person, Ethel Spector. 
999 |a MARS 
999 f f |s 44f4462e-080e-3390-83d4-5754fb129475  |i db71b432-469c-3890-acf9-f8c2e6804965  |t 0 
952 f f |p ric  |a Texas A&M University  |b Rellis Campus  |c Joint Library Facility  |d Remote Storage  |t 0  |e BF575.L8 P36 1988  |h Library of Congress classification  |i unmediated -- volume  |m A14812554868 
998 f f |a BF575.L8 P36 1988  |t 0  |l Remote Storage